000 00399nam a2200145Ia 4500
008 221030s9999 xx 000 0 und d
041 _aEnglish
082 _a105.23
100 _aBrilliant Tutorials
245 0 _aElectronics & Telecommunication Engineering Set 6
_cby Brilliant Tutorials
260 _bBrilliant Tutorials Pvt. Ltd.
_aChennai
_c2002
300 _a423
650 _aECE
942 _cBK
999 _c9287
_d9287